Protection of children on internet : (Record no. 94864)

MARC details
000 -LEADER
fixed length control field 00656nam a22001937a 4500
005 - DATE AND TIME OF LATEST TRANSACTION
control field 20150903110725.0
010 ## - LCCN (DPL NO)
LC control number ENG-113450
020 ## - INTERNATIONAL STANDARD BOOK NUMBER
Terms of availability 250.00
International Standard Book Number 9789350355565
035 ## - SYSTEM CONTROL NUMBER
System control number EN-96982
037 ## - SOURCE OF ACQUISITION
Source of stock number/acquisition DBAD/PUB
082 ## - DEWEY DECIMAL CLASSIFICATION NUMBER
Classification number 005.8
100 ## - MAIN ENTRY--PERSONAL NAME
Personal name Seth, Karnika
245 ## - TITLE STATEMENT
Title Protection of children on internet :
Statement of responsibility, etc by Karnika Seth
Remainder of title a guide book on best practices for online safety with a special focus on India /
260 ## - PUBLICATION, DISTRIBUTION, ETC. (IMPRINT)
Place of publication, distribution, etc Delhi
Name of publisher, distributor, etc Universal Law Publishing
Date of publication, distribution, etc 2015
270 ## - ADDRESS
Address A-58, G.T. Karnal Road Industrial Area,
City Delhi
Postal code 110033
300 ## - PHYSICAL DESCRIPTION
Extent xxv,190p.
Dimensions 21cm(pbk)
500 ## - GENERAL NOTE
General note Includes index
942 ## - ADDED ENTRY ELEMENTS (KOHA)
Source of classification or shelving scheme Dewey Decimal Classification
Item type English Books
Call number suffix SET
Classification part 005.8
Holdings
Withdrawn status Lost status Not for loan Collection code Home library Current library Date acquired Source of acquisition Cost, normal purchase price Full call number Barcode Copy number Cost, replacement price Koha item type
    Not For Loan Non-fiction D.B.Act.Division D.B.Act.Division 13/07/2015 DBAD/PUB 250.00 005.8 SET EN-96982 1 250.00 English Books

© Delhi Public Library
Hit Counter
free hit counter